| 000 | 01381nam0a2200337 4500 | ||
|---|---|---|---|
| 001 | RU\NLR\BIBL_A\022747928 | ||
| 005 | 20260329044706.0 | ||
| 010 |
_a978-5-7882-3501-1 _9400 |
||
| 035 | _a(NLR Aleph) 022747928 | ||
| 090 |
_a13644099 _c13644099 |
||
| 100 | _a20260310d2024 k y0rusy50 ca | ||
| 101 | 0 | _aeng | |
| 102 | _aRU | ||
| 105 | _aa j 000yy | ||
| 181 | 0 |
_ai3 _baxxe |
|
| 182 | 0 | _an | |
| 200 | 1 |
_aMaterials science _etutorial _fR. Askarova _gThe Ministry of science and higher education of the Russian Federation, Kazan national research technological university |
|
| 203 |
_aТекст _bвизуальный _cнепосредственный |
||
| 210 |
_aKazan _cKNRTU press _d2024 |
||
| 215 |
_a77, [2] с. _cил. _d20 |
||
| 300 | _aВ конце кн.: Материаловедение / Рушания Наилевна Аскарова | ||
| 320 | _aБиблиогр. в конце кн. (15 назв.) | ||
| 517 | 1 | _aМатериаловедение | |
| 541 | 1 | _aНаука о материалах: учебное пособие | |
| 606 | 1 |
_aМатериаловедение _jУчебные издания для высших учебных заведений _91112107 _3RU\NLR\AUTH\66119709 |
|
| 686 | 1 | _aЖ3я73-1 | |
| 700 | 1 |
_aAskarova _bR. N. _gRušanija Nailevna |
|
| 942 | _cBOOK | ||
| 980 | _aNB | ||